Fr. Conceicao Rodrigues College of Engineering

Cost Accounting (Record no. 27213)

MARC details
000 -LEADER
fixed length control field 00311nam a2200145Ia 4500
082 ## - DEWEY DECIMAL CLASSIFICATION NUMBER
Classification number 657.42
100 ## - MAIN ENTRY--PERSONAL NAME
Personal name Horngren/C.T
245 ## - TITLE STATEMENT
Title Cost Accounting
260 ## - PUBLICATION, DISTRIBUTION, ETC.
Name of publisher, distributor, etc. Prentice Hall of India
Place of publication, distribution, etc. NewDelhi
Date of publication, distribution, etc. 1973
300 ## - PHYSICAL DESCRIPTION
Extent 788
546 ## - LANGUAGE NOTE
Language note ENGLISH
650 ## - SUBJECT ADDED ENTRY--TOPICAL TERM
Topical term or geographic name entry element Economics
654 ## - SUBJECT ADDED ENTRY--FACETED TOPICAL TERMS
Focus term Accounting
942 ## - ADDED ENTRY ELEMENTS (KOHA)
Koha item type BOOK
Holdings
Withdrawn status Lost status Damaged status Not for loan Collection Home library Current library Date acquired Cost, normal purchase price Total Checkouts Full call number Barcode Date last seen Cost, replacement price Price effective from Koha item type
        AFT Fr. Agnel's C.Rodrigues College of Engineering Fr. Agnel's C.Rodrigues College of Engineering 17/03/2023 35.00   657.42 AFT1720 17/03/2023 35.00 17/03/2023 BOOK